Mathematical analysis (Record no. 241183)

MARC details
000 -LEADER
fixed length control field 01449nam a22002417a 4500
005 - DATE AND TIME OF LATEST TRANSACTION
control field 20260408143704.0
008 - FIXED-LENGTH DATA ELEMENTS--GENERAL INFORMATION
fixed length control field 260408b |||||||| |||| 00| 0 eng d
020 ## - INTERNATIONAL STANDARD BOOK NUMBER
International Standard Book Number 9788123926674
040 ## - CATALOGING SOURCE
Transcribing agency AL
041 ## - LANGUAGE CODE
Language code of text/sound track or separate title eng
082 ## - DEWEY DECIMAL CLASSIFICATION NUMBER
Classification number 515
Item number PUNM
100 ## - MAIN ENTRY--PERSONAL NAME
Personal name Sudhir K Pundir
100 ## - MAIN ENTRY--PERSONAL NAME
9 (RLIN) 260830
245 ## - TITLE STATEMENT
Title Mathematical analysis
260 ## - PUBLICATION, DISTRIBUTION, ETC.
Place of publication, distribution, etc. New Delhi
Name of publisher, distributor, etc. CBS Publishers and Distributors Pvt Ltd
Date of publication, distribution, etc. 2019
300 ## - PHYSICAL DESCRIPTION
Extent x,1097
Other physical details PB
Dimensions 24x17cm
365 ## - TRADE PRICE
Source of price type code Information Science and Engineering
Price type code VBI-2645
Price amount ₹487.50
Currency code
Unit of pricing ₹650.00
Price note 25%
Price effective from 20-02-2026
520 ## - SUMMARY, ETC.
Summary, etc. Mathematical Analysis It is an introductory text aimed at undergraduate and post graduate students of science and engineering. This book deals with real number systems, limit, continuity, differentiability, sequence, series, uniform convergence, R-integral, RS-integral, Improper integrals, power series, Fourier series, Lebesgue integral, functions of several variables and metric space etc. Majority of questions in this book have been designed to access the readers understanding of the subject. The readers friendly systematic presentation give the readers an idea about the model questions and help them to be focused. Professionals or those preparing for competitive examinations will also find this book useful.
650 ## - SUBJECT ADDED ENTRY--TOPICAL TERM
Topical term or geographic name entry element Real Numbers
9 (RLIN) 260831
650 ## - SUBJECT ADDED ENTRY--TOPICAL TERM
Topical term or geographic name entry element Infinite Series
9 (RLIN) 260832
650 ## - SUBJECT ADDED ENTRY--TOPICAL TERM
Topical term or geographic name entry element Riemann Integrals
9 (RLIN) 260833
650 ## - SUBJECT ADDED ENTRY--TOPICAL TERM
Topical term or geographic name entry element Improper Integrals
9 (RLIN) 260834
942 ## - ADDED ENTRY ELEMENTS (KOHA)
Source of classification or shelving scheme Dewey Decimal Classification
Koha item type Book
Holdings
Withdrawn status Lost status Source of classification or shelving scheme Damaged status Not for loan Collection code Home library Current library Date acquired Source of acquisition Cost, normal purchase price Total Checkouts Full call number Barcode Date last seen Cost, replacement price Price effective from Koha item type
    Dewey Decimal Classification     Information Science and Engineering St Aloysius Engineering Library St Aloysius Engineering Library 04/07/2026 Vidyarthi Books, Bengaluru-560076 487.50   515 PUNM SE000450 04/08/2026 650.00 02/20/2026 Book